000 00457nam a22001937a 4500
005 20140709110443.0
008 140709b xxu||||| |||| 00| 0 eng d
020 _a0195642007
040 _aLoreto College
041 _aEnglish
082 _aCHBK I
_bGAS
100 _aGasper, Dean
245 _aThe poem tree 5
_cDean Gasper
260 _aDelhi
_bOxford
_c1997
300 _a62p.
_b20cm.
650 _aChildrens book
850 _aLCBED
942 _cBK
999 _c39356
_d89835